Optimalizace soustružení na NC strojích nástroji s řeznou keramikou

Bibliographic Details
Main Author: Ondra, Josef, 1913-1970 (Author)
Format: Article
Language:Czech
Slovak
PhysicalDescription:Obr. 2., lit. 4 zázn. v češ., slov.
Subjects:

MARC

LEADER 00000nab a2200000 a 4500
001 vtls000422397
003 SK-MaSNL
005 20260303122532.0
008 160201c1988 xo 0 cze
015 |a SNBRA19rr/mm-uuuuu 
035 |a CL0422525 
040 |a SNKBUCL  |b slo  |c SNKBUCL  |e AACR2 
041 0 |a slo 
044 |a xo  |c SK 
080 |a 621.941.025.7-52:681.323  |2 1981 
080 |a 681.323  |2 1981 
080 |a 666.79  |2 1981 
100 1 |a Ondra, Josef,  |d 1913-1970  |4 aut  |9 214129 
245 1 0 |a Optimalizace soustružení na NC strojích nástroji s řeznou keramikou  |c Josef Ondra 
300 |b Obr. 2., lit. 4 zázn. v češ., slov. 
650 0 7 |a sústruhy NC  |2 snkbucl  |9 942233 
650 0 7 |a keramika rezná  |2 snkbucl  |9 928671 
655 7 |a články zo zborníkov  |2 snkbucl  |9 166140 
773 0 |t Zvýšenie efektívnosti pružnej automatizácie. Celoštátna konferencia  |d Bratislava : Dom techniky ČSVTS, 1988  |g S. 41-44 
850 |a Slovenská národná knižnica v Martine  |a MTA001 
852 |a SNK  |b KIS3GCP 
958 |a RK 
958 |a CZ 
992 |a RZB 
999 |c 1921421  |d 1923351